مكتبة جامعة عجلون الوطنية

فهرس بحث المكتبة

الاتجاهات النفسية الاجتماعية في الارشاد الزراعي= Psychosocial Attitudes in Agricultural Extension/ (Record no. 33738)

MARC details
000 -LEADER
fixed length control field 00788nam a22001817a 4500
003 - CONTROL NUMBER IDENTIFIER
control field JO-AjAnu
005 - DATE AND TIME OF LATEST TRANSACTION
control field 20241019094921.0
008 - FIXED-LENGTH DATA ELEMENTS--GENERAL INFORMATION
fixed length control field 241019b jo ||||| |||| 00| 0 ara d
040 ## - CATALOGING SOURCE
Transcribing agency JO-AjAnu
041 ## - LANGUAGE CODE
Language code of text/sound track or separate title ARA
100 #1 - MAIN ENTRY--PERSONAL NAME
Personal name إبنغوف، محمود حسن عمر
9 (RLIN) 66271
Relator term مؤلف
245 20 - TITLE STATEMENT
Title الاتجاهات النفسية الاجتماعية في الارشاد الزراعي= Psychosocial Attitudes in Agricultural Extension/
Statement of responsibility, etc. تأليف محمود حسن عمر إبنغوف
250 ## - EDITION STATEMENT
Edition statement الطبعة الاولى
260 ## - PUBLICATION, DISTRIBUTION, ETC.
Place of publication, distribution, etc. القاهرة :
Name of publisher, distributor, etc. الدار العالمية للمشر والتوزيع، المكتبة الدولية للنشر والتوزيع،
Date of publication, distribution, etc. 2023
300 ## - PHYSICAL DESCRIPTION
Extent 146 صفحة
650 70 - SUBJECT ADDED ENTRY--TOPICAL TERM
Topical term or geographic name entry element ارشاد زراعي
9 (RLIN) 66273
942 ## - ADDED ENTRY ELEMENTS (KOHA)
Source of classification or shelving scheme Library of Congress Classification
Koha item type Books
Suppress in OPAC No
Holdings
Withdrawn status Lost status Source of classification or shelving scheme Damaged status Not for loan Home library Current library Date acquired Total Checkouts Full call number Barcode Date last seen Price effective from Koha item type
    Library of Congress Classification     مكتبة جامعة عجلون الوطنية مكتبة جامعة عجلون الوطنية 19/10/2024   S544 2023 A30088 19/10/2024 19/10/2024 Books